| 000 | 00372nam a2200157Ia 4500 | ||
|---|---|---|---|
| 008 | 230917s9999||||xx |||||||||||||| ||und|| | ||
| 040 |
_e144859 _aMAIN |
||
| 041 | _aEnglish | ||
| 082 | _a340.03 W555W | ||
| 100 | _aWharton | ||
| 245 | 0 | _aWharton's law lexicon | |
| 250 | _a14th ed. | ||
| 260 |
_aDelhi _bUniversal law _c2006 |
||
| 300 | _aviii, 1081p p. | ||
| 942 | _cBK | ||
| 999 |
_c131256 _d131256 |
||